Welcome to CU Library Online Public Access Catalogue (OPAC)

Working it out : (Record no. 1915)

MARC details
000 -LEADER
fixed length control field 00679pam a2200229 a 4500
001 - CONTROL NUMBER
control field 1161625
005 - DATE AND TIME OF LATEST TRANSACTION
control field 20241203102246.0
008 - FIXED-LENGTH DATA ELEMENTS--GENERAL INFORMATION
fixed length control field 960315s1997 nyu 001 0 eng
020 ## - INTERNATIONAL STANDARD BOOK NUMBER
International Standard Book Number 0070116199 (alk. paper)
050 00 - LIBRARY OF CONGRESS CALL NUMBER
Classification number PN145
Item number .C64 1997
082 00 - DEWEY DECIMAL CLASSIFICATION NUMBER
Classification number 808/.042
Edition information 20
100 1# - MAIN ENTRY--PERSONAL NAME
Personal name Clouse, Barbara Fine.
245 10 - TITLE STATEMENT
Title Working it out :
Remainder of title a troubleshooting guide for writers /
Statement of responsibility, etc. Barbara Fine Clouse.
250 ## - EDITION STATEMENT
Edition statement 2nd ed.
260 ## - PUBLICATION, DISTRIBUTION, ETC.
Place of publication, distribution, etc. New York :
Name of publisher, distributor, etc. McGraw-Hill,
Date of publication, distribution, etc. c1997.
300 ## - PHYSICAL DESCRIPTION
Extent xxii, 162 p. ;
Dimensions 23 pm.
500 ## - GENERAL NOTE
General note Includes index.
650 #0 - SUBJECT ADDED ENTRY--TOPICAL TERM
Topical term or geographic name entry element English language
General subdivision Rhetoric.
650 #0 - SUBJECT ADDED ENTRY--TOPICAL TERM
Topical term or geographic name entry element English language
General subdivision Grammar.
650 #0 - SUBJECT ADDED ENTRY--TOPICAL TERM
Topical term or geographic name entry element Report writing.
942 ## - ADDED ENTRY ELEMENTS (KOHA)
Source of classification or shelving scheme Library of Congress Classification
Koha item type Books
Suppress in OPAC No
999 ## -
-- 1915
-- 1915
Holdings
Withdrawn status Lost status Source of classification or shelving scheme Damaged status Not for loan Collection Home library Current library Shelving location Date acquired Total checkouts Full call number Barcode Date last seen Copy number Price effective from Koha item type
    Library of Congress Classification     Non-fiction Undergraduate Library (Christ Temple) Undergraduate Library (Christ Temple) General stacks 12/03/2024   PN145 CLO ulct00000483 12/03/2024 1 12/03/2024 Books
© 2023-2024 Copyright: Central University Libraries. All Rights Reserved | Created by: Mahone Tech Office